Loading...
| Current Events | 4 | 17.50 | 100% | 75% | 0% |
| Fine Arts - Classical Music | 9 | 21.11 | 100% | 89% | 22% |
| Fine Arts - Other | 6 | 20.00 | 100% | 83% | 17% |
| Fine Arts - Painting and Sculpture | 5 | 18.00 | 100% | 80% | 0% |
| Geography | 4 | 15.00 | 100% | 50% | 0% |
| History - American | 4 | 17.50 | 75% | 75% | 25% |
| History - European | 6 | 21.67 | 100% | 50% | 67% |
| History - Other | 6 | 20.00 | 100% | 67% | 33% |
| History - World | 9 | 22.22 | 100% | 100% | 22% |
| Literature - Drama | 6 | 18.33 | 100% | 83% | 0% |
| Literature - Long Fiction | 6 | 21.67 | 100% | 83% | 33% |
| Literature - Misc | 3 | 23.33 | 100% | 67% | 67% |
| Literature - Poetry | 7 | 17.14 | 100% | 57% | 14% |
| Mythology | 3 | 16.67 | 100% | 33% | 33% |
| Other Academic | 7 | 21.43 | 100% | 86% | 29% |
| Philosophy | 9 | 17.78 | 100% | 67% | 11% |
| Religion | 6 | 16.67 | 83% | 33% | 50% |
| Science - Biology | 7 | 15.71 | 86% | 71% | 0% |
| Science - Chemistry | 7 | 20.00 | 100% | 71% | 29% |
| Science - Other | 6 | 11.67 | 67% | 50% | 0% |
| Science - Physics | 10 | 19.00 | 100% | 60% | 30% |
| Short Fiction and Other | 3 | 23.33 | 100% | 100% | 33% |
| Social Science | 10 | 20.00 | 100% | 80% | 20% |